Statistiques concernant Conjuguer en 4 langues : Avoir

Cliquez ici pour prendre le quiz!

Statistiques générales

  • Ce quiz a été pris 242 fois
  • Le résultat moyen est 22 sur 28

Statistiques - réponses

Français% Correct
il/ellea
100%
j'ai
100%
tuas
99%
vousavez
99%
nousavons
99%
you (all)have
99%
theyhave
99%
wehave
99%
youhave
99%
Ihave
99%
to have
99%
ils/ellesont
97%
avoir
96%
he/she/ithas
94%
(yo)tengo
72%
(él)tiene
68%
(tú)tienes
68%
(nosotros)tenemos
67%
tener
67%
(vosotros)tenéis
63%
(ellos)tienen
61%
ichhabe
60%
sie/Siehaben
54%
wirhaben
54%
haben
54%
duhast
48%
er/sie/eshat
43%
ihrhabt
34%

Distribution des résultats

Percentile par nombre de réponses

% des personnes avec chaque résultat

Votre développement - résultats

Vous n’avez pas pris ce quiz